[Event "SLO-chT 31st"]
[Site "Ljubljana"]
[Date "2021.09.26"]
[Round "9.5"]
[White "Spalir, Jernej"]
[Black "Stanic, Urban"]
[Result "1-0"]
[WhiteElo "2377"]
[BlackElo "1917"]
[PlyCount "75"]
[EventDate "2021.09.10"]
[EventType "team-tourn"]
[EventRounds "9"]
[EventCountry "SLO"]
[SourceTitle "CBM 204 Extra"]
[Source "ChessBase"]
[SourceDate "2021.11.30"]
[SourceVersion "1"]
[SourceVersionDate "2021.11.30"]
[SourceQuality "1"]
[WhiteTeam "Posocje"]
[BlackTeam "Vrhnika"]
[WhiteTeamCountry "SLO"]
[BlackTeamCountry "SLO"]

1. d4 Nf6 2. c4 e6 3. Nf3 b6 4. a3 Bb7 5. Nc3 d5 6. Qc2 Be7 7. Bf4 a6 8. cxd5 exd5 9. g3 Nbd7 10. Bg2 0-0 11. 0-0 c5 12. dxc5 bxc5 13. Rfd1 Rc8 14. Ne5 Nb6 15. a4 Na8 16. a5 Nc7 17. Na4 Ne6 18. Nb6 Rc7 19. Nd3 Bd6 20. e3 Re8 21. Rac1 c4 22. Ne1 Bxf4 23. gxf4 Nc5 24. Nxc4 Nce4 25. Qe2 Qe7 26. Ne5 Rec8 27. Rxc7 Qxc7 28. Bh3 Rd8 29. f3 Nc5 30. b4 Na4 31. Qc2 Nc3 32. Rd4 Bc8 33. Bf1 Nb5 34. Bxb5 Qxc2 35. Nxc2 axb5 36. Rd2 Ba6 37. Nd4 Rc8 38. Rc2 1-0

[Event "SLO-chT 31st"]
[Site "Ljubljana"]
[Date "2021.09.11"]
[Round "2.5"]
[White "Stanic, Urban"]
[Black "Kosmac, Blaz"]
[Result "1-0"]
[WhiteElo "1917"]
[BlackElo "2221"]
[PlyCount "43"]
[EventDate "2021.09.10"]
[EventType "team-tourn"]
[EventRounds "9"]
[EventCountry "SLO"]
[SourceTitle "CBM 204 Extra"]
[Source "ChessBase"]
[SourceDate "2021.11.30"]
[SourceVersion "1"]
[SourceVersionDate "2021.11.30"]
[SourceQuality "1"]
[WhiteTeam "Vrhnika"]
[BlackTeam "Kranj Tomo Zupan"]
[WhiteTeamCountry "SLO"]
[BlackTeamCountry "SLO"]

1. e4 c5 2. d4 cxd4 3. c3 dxc3 4. Nxc3 e6 5. Nf3 a6 6. Bd3 Nc6 7. 0-0 Qc7 8. Re1 Nf6 9. Bg5 Be7 10. e5 Ng4 11. Bxe7 Nxe7 12. h3 Nh6 13. Ne4 Nhf5 14. g4 d5 15. exd6 Nxd6 16. Nxd6+ Kf8 17. Nxc8 Rxc8 18. Rc1 Qb6 19. Rxc8+ Nxc8 20. Ne5 Qxb2 21. Bc4 g6 22. Qd7 1-0

[Event "SLO-chT2 West"]
[Site "Komenda"]
[Date "2019.11.15"]
[Round "1.1"]
[White "Stanic, Urban"]
[Black "Persl, Bojan"]
[Result "1/2-1/2"]
[WhiteElo "1902"]
[BlackElo "2097"]
[PlyCount "76"]
[EventDate "2019.11.15"]
[EventType "team-tourn"]
[EventRounds "9"]
[EventCountry "SLO"]
[SourceTitle "EXT 2024"]
[Source "ChessBase"]
[SourceDate "2023.10.10"]
[SourceVersion "1"]
[SourceVersionDate "2023.10.10"]
[SourceQuality "1"]
[WhiteTeam "Vrhnika"]
[BlackTeam "Ljubljana SK"]
[WhiteTeamCountry "SLO"]
[BlackTeamCountry "SLO"]

1. e4 c5 2. Nf3 d6 3. d4 cxd4 4. Nxd4 Nf6 5. Nc3 a6 6. Be2 e6 7. a4 Be7 8. 0-0 0-0 9. Be3 Qc7 10. Qd2 b6 11. f3 Bb7 12. Rad1 Nbd7 13. Qe1 d5 14. exd5 Nxd5 15. Nxd5 Bxd5 16. Qf2 Nc5 17. b3 Bd6 18. Qh4 Be5 19. Nf5 Bb7 20. Ng3 Rad8 21. Kh1 Rd6 22. a5 b5 23. Qh5 f5 24. c4 b4 25. Bxc5 Qxc5 26. Rxd6 Qxd6 27. Rd1 Qc7 28. Qg5 Bf4 29. Qh4 g6 30. c5 Bd5 31. Bc4 Bxg3 32. hxg3 Qxc5 33. Qd4 Qxd4 34. Rxd4 Rd8 35. Bxa6 Ra8 36. Bc4 Rxa5 37. Bxd5 Rxd5 38. Rxb4 Kg7 1/2-1/2

[Event "SLO-chT 28th"]
[Site "Slovenia"]
[Date "2018.11.04"]
[Round "3.4"]
[White "Stanic, Urban"]
[Black "Kos, Toni"]
[Result "0-1"]
[WhiteElo "1928"]
[BlackElo "2304"]
[PlyCount "80"]
[EventDate "2018.11.02"]
[EventType "team-tourn"]
[EventRounds "9"]
[EventCountry "SLO"]
[SourceTitle "CBM 187 Extra"]
[Source "ChessBase"]
[SourceDate "2018.11.04"]
[SourceVersion "1"]
[SourceVersionDate "2018.11.04"]
[SourceQuality "1"]
[WhiteTeam "Vrhnika"]
[BlackTeam "Krsko Triglav"]
[WhiteTeamCountry "SLO"]
[BlackTeamCountry "SLO"]

1. e4 e5 2. Nf3 Nf6 3. Nxe5 Nxe4 4. Qe2 Qe7 5. Qxe4 d6 6. d4 dxe5 7. dxe5 Nc6 8. Bb5 Bd7 9. Bf4 a6 10. Ba4 b5 11. Bb3 g5 12. Be3 f5 13. Qd5 Qxe5 14. Qxe5+ Nxe5 15. Bxg5 Bg7 16. Nc3 h6 17. Bh4 Ng6 18. 0-0-0 Bxc3 19. bxc3 Nxh4 20. Rhe1+ Kd8 21. Be6 Rh7 22. g3 Nf3 23. Re3 Ng5 24. Bxf5 Rf7 25. Bg4 Nh7 26. Be6 Re7 27. Bf5 Nf8 28. Rf3 Ke8 29. Bxd7+ Nxd7 30. c4 Rb8 31. cxb5 axb5 32. Rf5 Rb6 33. Rdd5 c5 34. h4 b4 35. Rf4 Rc6 36. g4 Re1+ 37. Kb2 c4 38. Ra5 Nb6 39. g5 c3+ 40. Kb3 Rb1# 0-1

[Event "SLO-chT 27th"]
[Site "Slovenia"]
[Date "2017.12.10"]
[Round "9.6"]
[White "Stanic, Urban"]
[Black "Diermair, Andreas"]
[Result "0-1"]
[WhiteElo "1892"]
[BlackElo "2488"]
[PlyCount "50"]
[EventDate "2017.09.29"]
[EventType "team-tourn"]
[EventRounds "9"]
[EventCountry "SLO"]
[SourceTitle "EXT 2019"]
[Source "ChessBase"]
[SourceDate "2018.10.10"]
[SourceVersion "1"]
[SourceVersionDate "2018.10.10"]
[SourceQuality "1"]
[WhiteTeam "Vrhnika"]
[BlackTeam "Ljubljana Duol"]
[WhiteTeamCountry "SLO"]
[BlackTeamCountry "SLO"]

1. e4 e5 2. Nf3 Nc6 3. Bc4 Nf6 4. d3 Be7 5. c3 0-0 6. 0-0 d6 7. Re1 Na5 8. Bb5 a6 9. Ba4 b5 10. Bc2 c5 11. Nbd2 Nc6 12. Nf1 Re8 13. Ne3 Bf8 14. Nd5 h6 15. d4 exd4 16. cxd4 Bg4 17. dxc5 dxc5 18. Qd3 c4 19. Nxf6+ Qxf6 20. Qc3 Qe6 21. Bd2 Bc5 22. b3 Rad8 23. Rad1 Bxf3 24. Qxf3 Nd4 25. Qc3 b4 0-1

[Event "SLO-chT 27th"]
[Site "Slovenia"]
[Date "2017.10.22"]
[Round "6.3"]
[White "Slibar, Matjaz"]
[Black "Stanic, Urban"]
[Result "0-1"]
[WhiteElo "2206"]
[BlackElo "1892"]
[PlyCount "86"]
[EventDate "2017.09.29"]
[EventType "team-tourn"]
[EventRounds "9"]
[EventCountry "SLO"]
[SourceTitle "CBM 181 Extra"]
[Source "ChessBase"]
[SourceDate "2017.12.12"]
[SourceVersion "1"]
[SourceVersionDate "2017.12.12"]
[SourceQuality "1"]
[WhiteTeam "Prevodi Dvojka"]
[BlackTeam "Vrhnika"]
[WhiteTeamCountry "SLO"]
[BlackTeamCountry "SLO"]

1. e4 e6 2. d4 d5 3. Nd2 Nf6 4. e5 Nfd7 5. Bd3 c5 6. c3 Nc6 7. Ne2 cxd4 8. cxd4 f6 9. exf6 Nxf6 10. 0-0 Bd6 11. Nf3 0-0 12. Bf4 Ng4 13. Bxd6 Qxd6 14. h3 e5 15. dxe5 Ngxe5 16. Nfd4 Qh6 17. Qb3 Kh8 18. Qxd5 Nxd3 19. Nxc6 Nf4 20. Nxf4 bxc6 21. Qe4 Qxf4 22. Qxc6 Bf5 23. Qc3 Be6 24. b3 Rac8 25. Qa5 Bxh3 26. Qh5 Bg4 27. Qh4 g5 28. Qh2 Qxh2+ 29. Kxh2 Rc2 30. Kg3 Bh5 31. f3 Rd8 32. Rac1 Rdd2 33. Rxc2 Rxc2 34. a4 Kg7 35. Rd1 Rc7 36. b4 Bf7 37. Rd6 Rb7 38. b5 Rb6 39. Rd4 a6 40. bxa6 Rxa6 41. f4 gxf4+ 42. Rxf4 Bb3 43. Rg4+ Rg6 0-1

[Event "SLO-chT Central 18th"]
[Site "Slovenia"]
[Date "2017.10.12"]
[Round "5.4"]
[White "Stanic, Urban"]
[Black "Vujic, Nikola"]
[Result "1-0"]
[WhiteElo "1892"]
[BlackElo "1527"]
[PlyCount "67"]
[EventDate "2017.09.14"]
[EventType "team-tourn"]
[EventRounds "7"]
[EventCountry "SLO"]
[SourceTitle "EXT 2019"]
[Source "ChessBase"]
[SourceDate "2018.10.10"]
[SourceVersion "1"]
[SourceVersionDate "2018.10.10"]
[SourceQuality "1"]
[WhiteTeam "Vrhnika"]
[BlackTeam "Ig"]
[WhiteTeamCountry "SLO"]
[BlackTeamCountry "SLO"]

1. e4 d5 2. exd5 Qxd5 3. Nc3 Qa5 4. d4 Nf6 5. Nf3 c6 6. Bc4 e6 7. 0-0 Nbd7 8. Bd2 Qc7 9. Qe2 Bd6 10. Rae1 Nd5 11. Nxd5 cxd5 12. Bxd5 Nf6 13. Bb3 0-0 14. Bg5 Ng4 15. h3 Nh2 16. Nxh2 Bxh2+ 17. Kh1 Bd6 18. c4 b6 19. Rc1 Ba6 20. Qe4 Bb7 21. Qg4 f5 22. Qe2 Rae8 23. c5 Bf4 24. cxb6 Bxg2+ 25. Kxg2 Qb7+ 26. Qf3 Qxf3+ 27. Kxf3 Bxc1 28. Rxc1 axb6 29. Rc6 h6 30. Bxe6+ Kh7 31. Bf4 Rf6 32. d5 Ra8 33. a3 b5 34. Be5 1-0

[Event "SLO-chT 27th"]
[Site "Slovenia"]
[Date "2017.09.29"]
[Round "1.1"]
[White "Bucar, Natasa"]
[Black "Stanic, Urban"]
[Result "1-0"]
[WhiteElo "1973"]
[BlackElo "1892"]
[PlyCount "57"]
[EventDate "2017.09.29"]
[EventType "team-tourn"]
[EventRounds "9"]
[EventCountry "SLO"]
[SourceTitle "EXT 2018"]
[Source "ChessBase"]
[SourceDate "2017.10.13"]
[SourceVersion "1"]
[SourceVersionDate "2017.10.13"]
[SourceQuality "1"]
[WhiteTeam "Krsko Triglav"]
[BlackTeam "Vrhnika"]
[WhiteTeamCountry "SLO"]
[BlackTeamCountry "SLO"]

1. e4 e6 2. d3 d5 3. Nd2 c5 4. Ngf3 Nc6 5. g3 Nf6 6. Bg2 Be7 7. 0-0 0-0 8. Re1 d4 9. Nc4 b5 10. Nce5 Bb7 11. Bg5 Nd7 12. Nxd7 Qxd7 13. Bxe7 Qxe7 14. e5 Rad8 15. Nd2 f5 16. exf6 Rxf6 17. f4 Nb4 18. Ne4 Rh6 19. a4 Bc6 20. axb5 Bxb5 21. Ng5 c4 22. dxc4 Bxc4 23. Qd2 d3 24. cxd3 Nxd3 25. Rad1 Rb8 26. Re4 Ba6 27. b4 Rd8 28. Bf1 Bb7 29. Re3 1-0

[Event "SLO-chT Central 18th"]
[Site "Slovenia"]
[Date "2017.09.14"]
[Round "1.3"]
[White "Babic, Miroslav"]
[Black "Stanic, Urban"]
[Result "0-1"]
[WhiteElo "1682"]
[BlackElo "1892"]
[PlyCount "119"]
[EventDate "2017.09.14"]
[EventType "team-tourn"]
[EventRounds "7"]
[EventCountry "SLO"]
[SourceTitle "EXT 2019"]
[Source "ChessBase"]
[SourceDate "2018.10.10"]
[SourceVersion "1"]
[SourceVersionDate "2018.10.10"]
[SourceQuality "1"]
[WhiteTeam "Klinicni Center"]
[BlackTeam "Vrhnika"]
[WhiteTeamCountry "SLO"]
[BlackTeamCountry "SLO"]

1. e4 e6 2. d4 d5 3. e5 c5 4. c3 Nc6 5. Nf3 Qb6 6. Qb3 Qxb3 7. axb3 cxd4 8. Bb5 dxc3 9. bxc3 Bd7 10. Bxc6 Bxc6 11. 0-0 Bc5 12. Nd4 Ne7 13. Nd2 0-0 14. N2f3 a6 15. Be3 Ba7 16. b4 Bd7 17. Ra3 Ng6 18. Rfa1 Bb8 19. h3 Nxe5 20. Nd2 Bd6 21. N4b3 Rac8 22. Bc5 Bxc5 23. Nxc5 Rc7 24. f4 Ng6 25. g3 Ne7 26. Kf2 Bb5 27. Nf3 Nc6 28. g4 Rd8 29. Ke3 Ra8 30. h4 b6 31. Nd3 Bxd3 32. Kxd3 a5 33. h5 Rac8 34. bxa5 Nxa5 35. Rb1 Nc4 36. Rab3 f6 37. Nd4 e5 38. Nb5 Rd7 39. f5 Kf7 40. Na3 Nxa3 41. Rxa3 Rc6 42. Rbb3 d4 43. c4 g6 44. Ra8 gxf5 45. gxf5 Kg7 46. Rb8 Kh6 47. Rb1 Kg5 48. Ke4 d3 49. Rg8+ Kh6 50. Rbg1 d2 51. Rd1 Rxc4+ 52. Ke3 Rc1 53. Rgg1 Rxd1 54. Rxd1 b5 55. Ke2 b4 56. Rb1 b3 57. Kd1 Rd3 58. Ke2 d1Q+ 59. Rxd1 Rxd1 60. Kxd1 0-1

[Event "SLO-chT Central Superliga 17th"]
[Site "Slovenia"]
[Date "2016.10.20"]
[Round "5.4"]
[White "Markosek, Maj"]
[Black "Stanic, Urban"]
[Result "0-1"]
[WhiteElo "1919"]
[BlackElo "1925"]
[PlyCount "76"]
[EventDate "2016.09.22"]
[EventType "team-tourn"]
[EventRounds "9"]
[EventCountry "SLO"]
[SourceTitle "EXT 2023"]
[Source "ChessBase"]
[SourceDate "2022.10.05"]
[SourceVersion "1"]
[SourceVersionDate "2022.10.05"]
[SourceQuality "1"]
[WhiteTeam "Komenda Popotnik"]
[BlackTeam "Vrhnika"]
[WhiteTeamCountry "SLO"]
[BlackTeamCountry "SLO"]

1. d4 Nf6 2. c4 e5 3. e3 Bb4+ 4. Nc3 exd4 5. exd4 0-0 6. Bd3 d5 7. Nge2 c6 8. 0-0 Nbd7 9. Bg5 dxc4 10. Bxc4 Nb6 11. Bd3 Be7 12. Qc2 h6 13. Bh4 Be6 14. a3 a5 15. Bg3 a4 16. Rae1 Bb3 17. Qc1 Nbd5 18. Ne4 Nxe4 19. Bxe4 Bg5 20. f4 Bf6 21. Bf2 Re8 22. Ng3 Qb6 23. Nf5 Rad8 24. Kh1 Qc7 25. Bg1 Ne7 26. Qc5 Bd5 27. Bxd5 Rxd5 28. Nxe7+ Rxe7 29. Qc2 Bxd4 30. Qxa4 Rxe1 31. Rxe1 Qxf4 32. Bxd4 Qxd4 33. Qa8+ Kh7 34. Qxb7 Qf2 35. Rg1 Rh5 36. Qb8 Qe3 37. Qc7 f5 38. Qxc6 Qg3 0-1

[Event "Ljubljana-chT 69th Superliga"]
[Site "Ljubljana"]
[Date "2016.02.18"]
[Round "4.4"]
[White "Stanic, Urban"]
[Black "Trebusak, Anton"]
[Result "1-0"]
[WhiteElo "1899"]
[BlackElo "1946"]
[PlyCount "53"]
[EventDate "2016.01.14"]
[EventType "team-tourn"]
[EventRounds "9"]
[EventCountry "SLO"]
[SourceTitle "EXT 2022"]
[Source "ChessBase"]
[SourceDate "2021.10.06"]
[SourceVersion "1"]
[SourceVersionDate "2021.10.06"]
[SourceQuality "1"]
[WhiteTeam "Vrhnika"]
[BlackTeam "Komenda Popotnik"]
[WhiteTeamCountry "SLO"]
[BlackTeamCountry "SLO"]

1. e4 c6 2. d4 d5 3. exd5 cxd5 4. c4 Nf6 5. Nc3 Nc6 6. cxd5 Nxd5 7. Bb5 e6 8. Nf3 Bd7 9. 0-0 Nxc3 10. bxc3 Bd6 11. Re1 0-0 12. Bd3 g6 13. Bh6 Re8 14. Ng5 Bf8 15. Bxf8 Qxg5 16. Bd6 e5 17. d5 Nd8 18. Qb3 b6 19. Bb5 Bxb5 20. Qxb5 Nb7 21. Bc7 Qe7 22. Rxe5 Qf8 23. Rae1 Rec8 24. Re7 Kg7 25. Be5+ Kh6 26. Rxb7 Rc5 27. Qd7 1-0

[Event "SLO-chT Central Superliga 16th"]
[Site "Slovenia"]
[Date "2015.09.17"]
[Round "2.4"]
[White "More, Erlend"]
[Black "Stanic, Urban"]
[Result "1/2-1/2"]
[WhiteElo "1664"]
[BlackElo "1890"]
[PlyCount "84"]
[EventDate "2015.09.10"]
[EventType "team-tourn"]
[EventRounds "9"]
[EventCountry "SLO"]
[SourceTitle "EXT 2022"]
[Source "ChessBase"]
[SourceDate "2021.10.06"]
[SourceVersion "1"]
[SourceVersionDate "2021.10.06"]
[SourceQuality "1"]
[WhiteTeam "Komenda Pogi"]
[BlackTeam "Vrhnika"]
[WhiteTeamCountry "SLO"]
[BlackTeamCountry "SLO"]

1. d4 Nf6 2. c4 g6 3. Nc3 Bg7 4. Nf3 0-0 5. e3 d6 6. Bd3 c5 7. d5 e6 8. dxe6 fxe6 9. 0-0 Nc6 10. a3 b6 11. Qc2 Bb7 12. e4 Nd4 13. Nxd4 cxd4 14. Ne2 Nd7 15. b4 Rc8 16. Qb3 Kh8 17. Bb2 e5 18. Bc1 Qh4 19. f3 Bh6 20. Qd1 Rc7 21. Bd2 Rfc8 22. Bxh6 Qxh6 23. f4 Ba6 24. Qa4 Bb7 25. Rad1 Nf6 26. fxe5 Ng4 27. h3 Qe3+ 28. Kh1 Nxe5 29. Nf4 Nxd3 30. Rxd3 Qxe4 31. Rdf3 Rxc4 32. Qd7 Rc1 33. Rxc1 Rxc1+ 34. Kh2 Qe5 35. Qd8+ Kg7 36. Qd7+ Kh6 37. Qxb7 g5 38. Qf7 gxf4 39. Rxf4 Rf1 40. Qf8+ Kg6 41. Qg8+ Kh6 42. Qf8+ Kg6 1/2-1/2

[Event "Ljubljana op 2nd"]
[Site "Ljubljana"]
[Date "2011.05.18"]
[Round "6"]
[White "Stanic, Urban"]
[Black "Brank, Bine"]
[Result "1-0"]
[WhiteElo "1893"]
[BlackElo "1925"]
[PlyCount "87"]
[EventDate "2011.04.06"]
[EventType "swiss"]
[EventRounds "9"]
[EventCountry "SLO"]
[SourceTitle "EXT 2023"]
[Source "ChessBase"]
[SourceDate "2022.10.05"]
[SourceVersion "1"]
[SourceVersionDate "2022.10.05"]
[SourceQuality "1"]

1. e4 e5 2. Nf3 Nc6 3. Bb5 a6 4. Ba4 Nf6 5. 0-0 Be7 6. Re1 b5 7. Bb3 0-0 8. h3 d6 9. c3 Bb7 10. d4 Re8 11. Ng5 Rf8 12. Nf3 h6 13. Bc2 Re8 14. Nbd2 exd4 15. cxd4 Bf8 16. d5 Ne5 17. Nd4 c5 18. N4f3 Qe7 19. Nxe5 Qxe5 20. Nf3 Qh5 21. Bf4 c4 22. a4 Nd7 23. Nd4 Qxd1 24. Raxd1 b4 25. Nf5 b3 26. Bb1 Ne5 27. Rd4 Rac8 28. Bd2 g6 29. Nxh6+ Kh7 30. Ng4 Nxg4 31. hxg4 Bg7 32. Bc3 Bxd4 33. Bxd4 Kg8 34. Re3 f6 35. Bxf6 Kf7 36. g5 Rg8 37. Rh3 Ke8 38. Rh7 Rb8 39. Re7+ Kf8 40. Rd7 Bc8 41. Rxd6 Rb4 42. e5 Rb8 43. e6 Bb7 44. Rb6 1-0

[Event "Ljubljana op 2nd"]
[Site "Ljubljana"]
[Date "2011.04.13"]
[Round "2"]
[White "Lucovnik, Tilen"]
[Black "Stanic, Urban"]
[Result "0-1"]
[WhiteElo "1790"]
[BlackElo "1893"]
[PlyCount "164"]
[EventDate "2011.04.06"]
[EventType "swiss"]
[EventRounds "9"]
[EventCountry "SLO"]
[SourceTitle "EXT 2023"]
[Source "ChessBase"]
[SourceDate "2022.10.05"]
[SourceVersion "1"]
[SourceVersionDate "2022.10.05"]
[SourceQuality "1"]

1. e4 c5 2. Nf3 d6 3. Bb5+ Nd7 4. 0-0 Ngf6 5. e5 dxe5 6. Nxe5 Qb6 7. Nc3 e6 8. b3 Be7 9. Bb2 0-0 10. Nxd7 Nxd7 11. Qf3 Ne5 12. Qg3 Ng6 13. Be2 Bd6 14. Qf3 Bd7 15. Ne4 Bc6 16. Qd3 Bf4 17. Bf3 Bb5 18. c4 Rad8 19. Qe2 Bc6 20. d3 Be5 21. Rad1 Nf4 22. Qc2 Bxb2 23. Qxb2 Nxd3 24. Qc3 Bxe4 25. Bxe4 Nb4 26. a3 Nc6 27. Bxc6 Qxc6 28. h3 Rd6 29. Qe3 Rfd8 30. Rxd6 Qxd6 31. Qf3 Rd7 32. Qe3 Qd4 33. Qg3 Qd6 34. Qe3 h6 35. Re1 Qd4 36. Qg3 Qd2 37. Rf1 Rd6 38. Qf3 Rd7 39. Qg3 Qd6 40. Qe3 Qd4 41. Qg3 Qd6 42. Qe3 Qc7 43. Qf3 Rd4 44. Re1 Qd7 45. Qg3 Kh7 46. Qe5 Qd6 47. Qe2 b6 48. Qf3 Rf4 49. Qb7 Qd2 50. Rf1 Qb2 51. Qxa7 Qxb3 52. Re1 Qc3 53. Rf1 Qa5 54. Qc7 Rf5 55. Qb7 g6 56. Qc6 Kg7 57. a4 Rf4 58. Rd1 Rd4 59. Rxd4 cxd4 60. Qe4 Qc5 61. Qd3 e5 62. f3 f5 63. Kh1 Qb4 64. Qe2 Kf6 65. Kh2 Qc3 66. Qf2 g5 67. g4 f4 68. Qe2 Qe3 69. Qb2 d3 70. Qb5 Qf2+ 71. Kh1 Qxf3+ 72. Kg1 Qg3+ 73. Kh1 Qxh3+ 74. Kg1 Qxg4+ 75. Kh2 Qe2+ 76. Kg1 d2 77. Qc6+ Kf5 78. Qd7+ Ke4 79. Qd5+ Ke3 80. Qxe5+ Kd3 81. Qd6+ Kc2 82. Qg6+ Kc1 0-1

[Event "SLO-chT Central Superliga 11th"]
[Site "Slovenia"]
[Date "2010.09.30"]
[Round "3.3"]
[White "Stanic, Urban"]
[Black "Kavcic, Janez"]
[Result "0-1"]
[WhiteElo "1776"]
[BlackElo "2110"]
[PlyCount "34"]
[EventDate "2010.09.09"]
[EventType "team-tourn"]
[EventRounds "9"]
[EventCountry "SLO"]
[SourceTitle "EXT 2022"]
[Source "ChessBase"]
[SourceDate "2021.10.06"]
[SourceVersion "1"]
[SourceVersionDate "2021.10.06"]
[SourceQuality "1"]
[WhiteTeam "Vrhnika"]
[BlackTeam "Podpec Isoglas"]
[WhiteTeamCountry "SLO"]
[BlackTeamCountry "SLO"]

1. e4 c5 2. Nf3 Nc6 3. d4 cxd4 4. Nxd4 e5 5. Nb5 d6 6. N1c3 a6 7. Na3 b5 8. Nd5 Nge7 9. c3 Be6 10. Nc2 f5 11. Nce3 fxe4 12. f3 Nxd5 13. Nxd5 Ne7 14. c4 bxc4 15. Bxc4 Bxd5 16. Bxd5 Qa5+ 17. b4 Qxd5 0-1

[Event "SLO-ch U14"]
[Site "Rogaska Slatina"]
[Date "2010.02.25"]
[Round "8"]
[White "Urbanc, Peter"]
[Black "Stanic, Urban"]
[Result "0-1"]
[WhiteElo "1830"]
[BlackElo "1747"]
[PlyCount "116"]
[EventDate "2010.02.21"]
[EventType "swiss"]
[EventRounds "9"]
[EventCountry "SLO"]
[SourceTitle "EXT 2015"]
[Source "ChessBase"]
[SourceDate "2014.11.20"]
[SourceVersion "1"]
[SourceVersionDate "2014.11.20"]
[SourceQuality "1"]

1. c4 Nf6 2. g3 e5 3. Bg2 Nc6 4. e4 d6 5. Ne2 g6 6. 0-0 Bg7 7. d3 0-0 8. h3 Ne8 9. Nbc3 f5 10. Be3 Nf6 11. Kh2 Be6 12. exf5 gxf5 13. f4 h5 14. Rc1 h4 15. b3 Nh5 16. Qe1 Nb4 17. Qd2 hxg3+ 18. Nxg3 Nxf4 19. Bxf4 exf4 20. Rxf4 Bh6 21. Nce2 Nc6 22. Rg1 Kh7 23. Qc3 Ne5 24. d4 Ng4+ 25. Rxg4 fxg4 26. Qd3+ Kh8 27. Bxb7 Rb8 28. Bg2 Qf6 29. d5 Bf5 30. Nxf5 Qxf5 31. Qxf5 Rxf5 32. hxg4 Rf2 33. Nc3 Bf4+ 34. Kh3 Kg7 35. g5 Rh8+ 36. Kg4 Be5 37. Bf3 Bxc3 38. Rc1 Be5 39. a3 Rf8 40. Bh1 R8f4+ 41. Kh3 Rh2+ 42. Kxh2 Rxc4+ 43. Kh3 Rxc1 44. Bg2 Rc3+ 45. Kh4 Rxb3 46. a4 Rb4+ 47. Kh5 Rxa4 48. g6 Bf6 49. Be4 a5 50. Kg4 Rxe4+ 51. Kf5 Re5+ 52. Kg4 Kxg6 53. Kf4 a4 54. Kg3 a3 55. Kh2 a2 56. Kh3 Rg5 57. Kh2 a1Q 58. Kh3 Qh1# 0-1

[Event "SLO-ch U14"]
[Site "Rogaska Slatina"]
[Date "2010.02.23"]
[Round "6"]
[White "Povse, Martin Zan"]
[Black "Stanic, Urban"]
[Result "0-1"]
[WhiteElo "1562"]
[BlackElo "1747"]
[PlyCount "100"]
[EventDate "2010.02.21"]
[EventType "swiss"]
[EventRounds "9"]
[EventCountry "SLO"]
[SourceTitle "EXT 2015"]
[Source "ChessBase"]
[SourceDate "2014.11.20"]
[SourceVersion "1"]
[SourceVersionDate "2014.11.20"]
[SourceQuality "1"]

1. e4 e6 2. d4 d5 3. Nd2 Nf6 4. e5 Nfd7 5. Bd3 c5 6. c3 Nc6 7. Ne2 Qb6 8. Nf3 cxd4 9. cxd4 f6 10. exf6 Nxf6 11. b3 Bd6 12. Bf4 Bxf4 13. Nxf4 0-0 14. 0-0 Qc7 15. Ne2 Ng4 16. Ng3 e5 17. dxe5 Ncxe5 18. Rc1 Qb6 19. Nxe5 Nxe5 20. Bxh7+ Kxh7 21. Qh5+ Kg8 22. Qxe5 Be6 23. Rc7 Rf7 24. Rxf7 Bxf7 25. Nf5 Qf6 26. Qxf6 gxf6 27. Nh6+ Kg7 28. Nxf7 Kxf7 29. Rd1 Rc8 30. g4 Ke6 31. Re1+ Kd6 32. Re3 d4 33. Re2 Kd5 34. Kf1 d3 35. Rd2 Rc1+ 36. Kg2 Kd4 37. h4 Kc3 38. Rxd3+ Kxd3 39. g5 fxg5 40. hxg5 Ke4 41. g6 Rc6 42. f3+ Kf4 43. Kf2 Rxg6 44. Ke2 Rd6 45. a4 a5 46. b4 b6 47. b5 Rd8 48. Kf1 Kxf3 49. Kg1 Rh8 50. Kf1 Rh1# 0-1

[Event "SLO-ch U14"]
[Site "Rogaska Slatina"]
[Date "2010.02.23"]
[Round "5"]
[White "Stanic, Urban"]
[Black "Opara, Jan"]
[Result "0-1"]
[WhiteElo "1747"]
[BlackElo "1730"]
[PlyCount "132"]
[EventDate "2010.02.21"]
[EventType "swiss"]
[EventRounds "9"]
[EventCountry "SLO"]
[SourceTitle "EXT 2015"]
[Source "ChessBase"]
[SourceDate "2014.11.20"]
[SourceVersion "1"]
[SourceVersionDate "2014.11.20"]
[SourceQuality "1"]

1. e4 e5 2. Nf3 Nc6 3. Bb5 a6 4. Ba4 Nf6 5. 0-0 Be7 6. Re1 b5 7. Bb3 d6 8. c3 0-0 9. d4 Bg4 10. d5 Na5 11. Bc2 c6 12. dxc6 Qc7 13. Nbd2 Qxc6 14. Nf1 h6 15. Ng3 Nc4 16. h3 Be6 17. Nf5 Bxf5 18. exf5 Bd8 19. Rb1 Bc7 20. b3 Nb6 21. Bb2 Rfe8 22. c4 bxc4 23. bxc4 Rad8 24. Nd2 d5 25. cxd5 Qxd5 26. Ne4 Nxe4 27. Bxe4 Qxa2 28. Qh5 Nd7 29. Bc6 Nf6 30. Qh4 Re7 31. f4 Qa5 32. Kh1 Qc5 33. Rbc1 Qb4 34. Bc3 Qa3 35. Qg3 exf4 36. Qh4 Rxe1+ 37. Qxe1 Qd6 38. Bf3 Re8 39. Qf1 Ne4 40. Bxe4 Rxe4 41. Rd1 Qc6 42. Bd4 Qb5 43. Qxb5 axb5 44. Kg1 Be5 45. Bc5 Rc4 46. Be7 b4 47. Rb1 Bc3 48. Kf2 f6 49. Kf3 Rc7 50. Bd6 Rb7 51. Kxf4 b3 52. Ke3 b2 53. Kd3 Be5 54. Bc5 Kf7 55. Be3 Ke7 56. Kc2 Rc7+ 57. Kd3 Kd6 58. Ke4 Rc4+ 59. Kd3 Kd5 60. Kd2 Ke4 61. g4 Rc3 62. Bf2 Rxh3 63. Ke2 Rh2 64. Rd1 Kf4 65. Rg1 Bd4 66. Rf1 Rxf2+ 0-1

[Event "SLO-chT Central Superliga 10th"]
[Site "Slovenija"]
[Date "2009.10.01"]
[Round "3.3"]
[White "Stanic, Urban"]
[Black "Kolar, Srecko"]
[Result "0-1"]
[WhiteElo "1689"]
[BlackElo "2166"]
[PlyCount "74"]
[EventDate "2009.09.17"]
[EventType "team-tourn"]
[EventRounds "9"]
[EventCountry "SLO"]
[SourceTitle "EXT 2022"]
[Source "ChessBase"]
[SourceDate "2021.10.06"]
[SourceVersion "1"]
[SourceVersionDate "2021.10.06"]
[SourceQuality "1"]
[WhiteTeam "Vrhnika"]
[BlackTeam "Senozeti MKK"]
[WhiteTeamCountry "SLO"]
[BlackTeamCountry "SLO"]

1. e4 e5 2. Nf3 Nc6 3. Bb5 a6 4. Ba4 Nf6 5. d3 Bc5 6. 0-0 b5 7. Bb3 d6 8. h3 Na5 9. c3 Nxb3 10. axb3 Bb6 11. Re1 0-0 12. b4 h6 13. d4 Qe7 14. d5 Nh7 15. Be3 f5 16. Bxb6 cxb6 17. Nbd2 Qf7 18. b3 Nf6 19. c4 Nxe4 20. Nxe4 fxe4 21. Rxe4 Qg6 22. Re3 bxc4 23. bxc4 Rf4 24. c5 bxc5 25. bxc5 Bxh3 26. Ne1 Bf5 27. Ra4 Bc2 28. Qxc2 Qxc2 29. Nxc2 Rxa4 30. cxd6 Rc4 31. Ne1 Rd8 32. Rxe5 Rxd6 33. Nf3 a5 34. g3 Rc5 35. Nd4 Rcxd5 36. Rxd5 Rxd5 37. Nc6 Rd1+ 0-1